North American Countries - Statistics

General Stats
  • This quiz has been taken 56 times
  • The average score is 20 of 23
Answer Stats
Hint Answer % Correct
North America Canada
100%
North Amrica Mexico
100%
North America United States of America
97%
Central America Costa Rica
93%
Caribbean/Antilles Cuba
93%
Central America El Salvador
93%
Central America Guatemala
93%
Central America Honduras
93%
Caribbean/Antilles Dominica
90%
Caribbean/Antilles Dominican Republic
90%
Central America Panama
90%
Caribbean/Antilles The Bahamas
90%
Central America Belize
86%
Caribbean/Antilles Jamaica
86%
Central America Nicaragua
86%
Caribbean/Antilles Saint Kitts and Nevis
86%
Caribbean/Antilles Saint Lucia
86%
Caribbean/Antilles Trinidad and Tobago
86%
Caribbean/Antilles Antigua and Barbuda
83%
Caribbean/Antilles Barbados
83%
Caribbean/Antilles Haiti
83%
Caribbean/Antilles Grenada
79%
Caribbean/Antilles Saint Vincent and the Grenadines
79%
No matching quizzes found
Score Distribution
Percent of People with Each Score
Percentile by Number Answered
Your Score History
You have not taken this quiz